[Event "DSJ Weihnachtsturnier U20 2020"]
[Site "https://play.chessbase.com/en/play?room=DSJWeihnachtU20"]
[Date "2020.12.29"]
[Round "2"]
[White "Kamp, Aaron"]
[Black "Mehlhorn, David"]
[Result "1-0"]
[Termination "normal"]
[Board "18.1"]
[WhiteElo "1771"]
[BlackElo "1511"]
[WhiteTeam "Schachklub Münster 32 2"]
[BlackTeam "SGem Aschheim/Feldkirchen/Kirchheim"]
[PlyCount "75"]
[WhiteFideId "16231120"]
[BlackFideId "34607757"]
[EventRounds "7"]
[EventType "team-swiss"]
[EventDate "2020.12.29"]

1. e4 {[%emt 0:00:02]} c5 {[%emt 0:00:01]} 2. d4 {[%emt 0:00:02]} cxd4 { [%emt
0:00:02]} 3. c3 {[%emt 0:00:02]} dxc3 {[%emt 0:00:01]} 4. Nxc3 {[%emt 0:00:01]}
Nc6 {[%emt 0:00:01]} 5. Bc4 {[%emt 0:00:02]} e6 {[%emt 0:00:05]} 6. Nf3 {[%emt
0:00:03]} g6 {[%emt 0:00:05]} 7. O-O {[%emt 0:00:04]} Bg7 {[%emt 0:00:01]} 8.
Qe2 {[%emt 0:00:05]} Nge7 {[%emt 0:00:02]} 9. Bg5 {[%emt 0:00:40]} O-O {[%emt
0:00:05]} 10. Rfd1 {[%emt 0:00:05]} a6 {[%emt 0:00:17]} 11. Rac1 { [%emt
0:00:16]} Qc7 {[%emt 0:00:09]} 12. Bb3 {[%emt 0:00:36]} b6 {[%emt 0:00:09]} 13.
Nb5 {[%emt 0:01:08]} Qb8 {[%emt 0:00:31]} 14. Nd6 {[%emt 0:00:28]} h6 {[%emt
0:00:41]} 15. Bf4 {[%emt 0:00:42]} e5 {[%emt 0:00:14]} 16. Bg3 {[%emt 0:00:27]}
Bb7 {[%emt 0:00:43]} 17. Qe3 {[%emt 0:00:42]} Nc8 {[%emt 0:00:58]} 18. Nxf7
{[%emt 0:00:43]} Rxf7 {[%emt 0:00:09]} 19. Bxf7+ {[%emt 0:00:22]} Kxf7 { [%emt
0:00:05]} 20. Rxd7+ {[%emt 0:00:28]} Kg8 {[%emt 0:00:30]} 21. Qb3+ { [%emt
0:00:17]} Kh7 {[%emt 0:00:05]} 22. Qf7 {[%emt 0:00:45]} N8e7 {[%emt 0:00:09]}
23. Rxc6 {[%emt 0:00:26]} Bxc6 {[%emt 0:00:00]} 24. Rxe7 {[%emt 0:00:02]} Qg8
{[%emt 0:00:22]} 25. Bxe5 {[%emt 0:00:07]} Qxf7 {[%emt 0:00:11]} 26. Rxf7 {
[%emt 0:00:03]} Rg8 {[%emt 0:00:01]} 27. Nd4 {[%emt 0:00:11]} Bxe4 {[%emt
0:00:27]} 28. Ne6 {[%emt 0:00:03]} Bd5 {[%emt 0:00:06]} 29. Rxg7+ {[%emt
0:00:10]} Rxg7 {[%emt 0:00:08]} 30. Nxg7 {[%emt 0:00:04]} Bxa2 {[%emt 0:00:02]}
31. Ne8 { [%emt 0:00:05]} Kg8 {[%emt 0:00:11]} 32. Nd6 {[%emt 0:00:10]} Bd5
{[%emt 0:00:07]} 33. f3 {[%emt 0:00:06]} Kf8 {[%emt 0:00:04]} 34. Kf2 {[%emt
0:00:02]} b5 { [%emt 0:00:04]} 35. Ke3 {[%emt 0:00:04]} Ke7 {[%emt 0:00:01]}
36. Kd4 {[%emt 0:00:03]} Ke6 {[%emt 0:00:01]} 37. Ne4 {[%emt 0:00:05]} g5
{[%emt 0:00:07]} 38. Nc5+ {[%emt 0:00:09]} 1-0

[Event "DSJ Weihnachtsturnier U20 2020"]
[Site "https://play.chessbase.com/en/play?room=DSJWeihnachtU20"]
[Date "2020.12.29"]
[Round "2"]
[White "Krumm, Arthur"]
[Black "Weidemann, Jakob"]
[Result "0-1"]
[Termination "normal"]
[Board "18.2"]
[WhiteElo "1667"]
[BlackElo "1570"]
[WhiteTeam "SGem Aschheim/Feldkirchen/Kirchheim"]
[BlackTeam "Schachklub Münster 32 2"]
[PlyCount "48"]
[WhiteFideId "34607811"]
[BlackFideId "16255470"]
[EventRounds "7"]
[EventType "team-swiss"]
[EventDate "2020.12.29"]

1. e4 {[%emt 0:00:06]} c5 {[%emt 0:00:15]} 2. Bc4 {[%emt 0:00:06]} e6 {[%emt
0:00:03]} 3. Nc3 {[%emt 0:00:02]} Ne7 {[%emt 0:00:10]} 4. d3 {[%emt 0:00:02]}
d5 {[%emt 0:00:05]} 5. exd5 {[%emt 0:00:01]} Nxd5 {[%emt 0:00:01]} 6. Bd2 {
[%emt 0:00:09]} g6 {[%emt 0:00:11]} 7. Nge2 {[%emt 0:00:10]} Bg7 {[%emt
0:00:05]} 8. O-O {[%emt 0:00:04]} O-O {[%emt 0:00:02]} 9. Rb1 {[%emt 0:00:15]}
a6 { [%emt 0:00:17]} 10. Ne4 {[%emt 0:00:07]} b5 {[%emt 0:00:08]} 11. Bb3
{[%emt 0:00:04]} Qb6 {[%emt 0:00:14]} 12. Nf4 {[%emt 0:00:15]} Nxf4 {[%emt
0:00:16]} 13. Bxf4 {[%emt 0:00:00]} Bb7 {[%emt 0:00:02]} 14. Qf3 {[%emt
0:00:25]} f5 { [%emt 0:00:07]} 15. Bxe6+ {[%emt 0:00:53]} Kh8 {[%emt 0:00:42]}
16. Rfe1 { [%emt 0:01:25]} fxe4 {[%emt 0:00:10]} 17. Rxe4 {[%emt 0:00:16]} Bxe4
{[%emt 0:00:06]} 18. Qxe4 {[%emt 0:00:00]} Rxf4 {[%emt 0:00:07]} 19. Qxa8
{[%emt 0:00:27]} Qxe6 {[%emt 0:00:10]} 20. Qxb8+ {[%emt 0:00:11]} Rf8 {[%emt
0:00:03]} 21. Qb7 {[%emt 0:00:06]} Bd4 {[%emt 0:00:09]} 22. Rf1 {[%emt
0:00:19]} Rxf2 { [%emt 0:00:11]} 23. Qb8+ {[%emt 0:02:32]} Rf8+ {[%emt 0:00:14]
Aschhm1-002 offers a draw} 24. Rf2 {[%emt 0:02:39]} Qe1# {[%emt 0:00:05]} 0-1

[Event "DSJ Weihnachtsturnier U20 2020"]
[Site "https://play.chessbase.com/en/play?room=DSJWeihnachtU20"]
[Date "2020.12.29"]
[Round "2"]
[White "Kvantaliani, Saba"]
[Black "Centgraf, Andra's"]
[Result "1-0"]
[Termination "normal"]
[Board "18.3"]
[WhiteElo "1535"]
[BlackElo "1504"]
[WhiteTeam "Schachklub Münster 32 2"]
[BlackTeam "SGem Aschheim/Feldkirchen/Kirchheim"]
[PlyCount "119"]
[WhiteFideId "16284364"]
[BlackFideId "34611177"]
[EventRounds "7"]
[EventType "team-swiss"]
[EventDate "2020.12.29"]

1. e4 {[%emt 0:00:08]} c5 {[%emt 0:00:01]} 2. Nf3 {[%emt 0:00:13]} Nc6 { [%emt
0:00:01]} 3. d4 {[%emt 0:00:01]} cxd4 {[%emt 0:00:01]} 4. Nxd4 {[%emt 0:00:01]}
Nf6 {[%emt 0:00:01]} 5. Nc3 {[%emt 0:00:01]} e5 {[%emt 0:00:01]} 6. Ndb5 {[%emt
0:00:04]} Be7 {[%emt 0:00:08]} 7. Nd6+ {[%emt 0:00:25]} Bxd6 { [%emt 0:00:07]}
8. Qxd6 {[%emt 0:00:01]} Qe7 {[%emt 0:00:05]} 9. Qxe7+ { [%emt 0:00:08]} Nxe7
{[%emt 0:00:01]} 10. Bg5 {[%emt 0:00:03]} O-O {[%emt 0:00:16]} 11. Bxf6 {[%emt
0:00:02]} gxf6 {[%emt 0:00:01]} 12. Bc4 {[%emt 0:00:13]} Rd8 {[%emt 0:00:11]}
13. O-O-O {[%emt 0:00:02]} d6 {[%emt 0:00:25]} 14. g3 { [%emt 0:00:23]} Be6
{[%emt 0:00:18]} 15. Bd5 {[%emt 0:01:13]} Rab8 {[%emt 0:00:45]} 16. f4 {[%emt
0:00:07]} Nc6 {[%emt 0:00:27]} 17. f5 {[%emt 0:00:07]} Bxd5 {[%emt 0:00:10]}
18. Nxd5 {[%emt 0:00:03]} Kg7 {[%emt 0:00:28]} 19. g4 { [%emt 0:00:04]} Rd7
{[%emt 0:00:29]} 20. Rhg1 {[%emt 0:00:09]} Ne7 {[%emt 0:00:03]} 21. g5 {[%emt
0:00:42]} Nxd5 {[%emt 0:00:22]} 22. Rxd5 {[%emt 0:00:07]} fxg5 {[%emt 0:00:33]}
23. Rxg5+ {[%emt 0:00:04]} Kf8 {[%emt 0:00:34]} 24. f6 { [%emt 0:00:09]} Re8
{[%emt 0:01:43] Aschhm1-003 offers a draw} 25. Rd3 { [%emt 0:00:47]} Re6 {[%emt
0:00:04]} 26. Rf3 {[%emt 0:00:03]} d5 {[%emt 0:00:06]} 27. Rc3 {[%emt 0:02:25]}
Rc6 {[%emt 0:00:12]} 28. Rxc6 {[%emt 0:00:03]} bxc6 {[%emt 0:00:01]} 29. Rxe5
{[%emt 0:00:01]} dxe4 {[%emt 0:00:06]} 30. Rxe4 {[%emt 0:00:01]} Rd6 {[%emt
0:00:03]} 31. Rf4 {[%emt 0:00:09]} Ke8 {[%emt 0:00:08]} 32. c3 {[%emt 0:00:36]}
Kd7 {[%emt 0:00:05]} 33. Rh4 {[%emt 0:00:31]} Rxf6 {[%emt 0:00:06]} 34. Rxh7
{[%emt 0:00:01]} Rf1+ {[%emt 0:00:28]} 35. Kc2 { [%emt 0:00:02]} Rf2+ {[%emt
0:00:01]} 36. Kb3 {[%emt 0:00:03]} Kd6 {[%emt 0:00:36]} 37. Ka3 {[%emt
0:00:32]} f5 {[%emt 0:00:36]} 38. b4 {[%emt 0:00:09]} f4 { [%emt 0:00:04]} 39.
Rxa7 {[%emt 0:00:24]} Rxh2 {[%emt 0:00:04]} 40. Rf7 { [%emt 0:00:02]} Rf2
{[%emt 0:00:09]} 41. Kb3 {[%emt 0:00:01]} f3 {[%emt 0:00:01]} 42. a4 {[%emt
0:00:04]} Rf1 {[%emt 0:00:08]} 43. Kc4 {[%emt 0:00:02]} f2 { [%emt 0:00:04]}
44. a5 {[%emt 0:00:05]} Ke6 {[%emt 0:00:42]} 45. Rf3 {[%emt 0:00:04]} Ke5
{[%emt 0:00:02]} 46. Kc5 {[%emt 0:00:06]} Ke4 {[%emt 0:00:09]} 47. Rf7 {[%emt
0:00:08]} Ke3 {[%emt 0:00:04]} 48. Kxc6 {[%emt 0:00:06]} Rc1 { [%emt 0:00:05]}
49. b5 {[%emt 0:00:10]} Rxc3+ {[%emt 0:00:09]} 50. Kb7 { [%emt 0:00:03]} Rc1
{[%emt 0:00:03]} 51. a6 {[%emt 0:00:06]} f1=Q {[%emt 0:00:05]} 52. Rxf1 {[%emt
0:00:02]} Rxf1 {[%emt 0:00:00]} 53. a7 {[%emt 0:00:04]} Rf7+ {[%emt 0:00:03]}
54. Ka6 {[%emt 0:00:02]} Rf6+ {[%emt 0:00:01]} 55. b6 { [%emt 0:00:01]} Rf8
{[%emt 0:00:04]} 56. b7 {[%emt 0:00:04]} Rf6+ {[%emt 0:00:01]} 57. Kb5 {[%emt
0:00:01]} Rf5+ {[%emt 0:00:01]} 58. Kc6 {[%emt 0:00:01]} Rf6+ {[%emt 0:00:01]}
59. Kd5 {[%emt 0:00:01]} Rf5+ {[%emt 0:00:02]} 60. Ke6 { [%emt 0:00:01]} 1-0

[Event "DSJ Weihnachtsturnier U20 2020"]
[Site "https://play.chessbase.com/en/play?room=DSJWeihnachtU20"]
[Date "2020.12.29"]
[Round "2"]
[White "El Sewisy, Aiman"]
[Black "John, Niklas"]
[Result "0-1"]
[Termination "normal"]
[Board "18.4"]
[WhiteElo "893"]
[BlackElo "1521"]
[WhiteTeam "SGem Aschheim/Feldkirchen/Kirchheim"]
[BlackTeam "Schachklub Münster 32 2"]
[PlyCount "86"]
[WhiteFideId "34607803"]
[BlackFideId "16234626"]
[EventRounds "7"]
[EventType "team-swiss"]
[EventDate "2020.12.29"]

1. e4 {[%emt 0:00:05]} c5 {[%emt 0:00:07]} 2. d4 {[%emt 0:00:02]} cxd4 { [%emt
0:00:05]} 3. c3 {[%emt 0:00:02]} d5 {[%emt 0:00:19]} 4. Qxd4 {[%emt 0:00:16]}
dxe4 {[%emt 0:00:46]} 5. Qxd8+ {[%emt 0:00:08]} Kxd8 {[%emt 0:00:02]} 6. Bf4
{[%emt 0:00:18]} Nc6 {[%emt 0:00:14]} 7. Nd2 {[%emt 0:00:23]} Nf6 {[%emt
0:00:03]} 8. O-O-O {[%emt 0:00:05]} Ke8 {[%emt 0:00:33]} 9. Bc4 {[%emt
0:00:30]} e5 {[%emt 0:00:25]} 10. Bg3 {[%emt 0:00:20]} Bc5 {[%emt 0:00:33]} 11.
Ne2 { [%emt 0:00:51]} e3 {[%emt 0:00:56]} 12. fxe3 {[%emt 0:00:22]} Bxe3 {[%emt
0:00:10]} 13. Kc2 {[%emt 0:00:41]} Bf5+ {[%emt 0:00:38]} 14. Kc1 {[%emt
0:00:24]} Ne4 {[%emt 0:00:22]} 15. Rhf1 {[%emt 0:00:27]} Bg6 {[%emt 0:00:59]}
16. Bb5 { [%emt 0:01:37]} f6 {[%emt 0:00:53]} 17. Bd3 {[%emt 0:00:49]} Bxd2+
{[%emt 0:01:11]} 18. Rxd2 {[%emt 0:00:09]} Nxd2 {[%emt 0:00:03]} 19. Kxd2
{[%emt 0:00:15]} Rd8 {[%emt 0:00:17]} 20. Rf3 {[%emt 0:00:17]} e4 {[%emt
0:00:14]} 21. Re3 { [%emt 0:00:06]} Rxd3+ {[%emt 0:00:12]} 22. Rxd3 {[%emt
0:00:03]} exd3 {[%emt 0:00:02]} 23. Nf4 {[%emt 0:00:01]} Ne5 {[%emt 0:00:13]}
24. Ne6 {[%emt 0:00:08]} Kf7 {[%emt 0:00:14]} 25. Nd4 {[%emt 0:00:14]} Re8
{[%emt 0:00:09]} 26. b3 { [%emt 0:00:05]} Nc6 {[%emt 0:00:02]} 27. Nf3 {[%emt
0:00:47]} Re2+ {[%emt 0:00:02]} 28. Kd1 {[%emt 0:00:03]} Rxa2 {[%emt 0:00:04]}
29. Bf4 {[%emt 0:00:06]} Rxg2 {[%emt 0:00:06]} 30. h4 {[%emt 0:00:04]} Rb2
{[%emt 0:00:03]} 31. b4 { [%emt 0:00:02]} Bh5 {[%emt 0:00:02]} 32. Kc1 {[%emt
0:00:03]} Rc2+ {[%emt 0:00:03]} 33. Kb1 {[%emt 0:00:07]} Bxf3 {[%emt 0:00:01]}
34. h5 {[%emt 0:00:03]} Rg2 {[%emt 0:00:02]} 35. c4 {[%emt 0:00:01]} d2 {[%emt
0:00:02]} 36. Bxd2 {[%emt 0:00:02]} Rxd2 {[%emt 0:00:01]} 37. b5 {[%emt
0:00:01]} Nd4 {[%emt 0:00:02]} 38. Kc1 {[%emt 0:00:01]} Re2 {[%emt 0:00:01]}
39. Kd1 {[%emt 0:00:01]} a5 {[%emt 0:00:01]} 40. Kc1 {[%emt 0:00:01]} a4 {[%emt
0:00:01]} 41. Kb1 {[%emt 0:00:01]} a3 {[%emt 0:00:01]} 42. Ka1 {[%emt 0:00:01]}
Nb3+ {[%emt 0:00:05]} 43. Kb1 { [%emt 0:00:02]} a2# {[%emt 0:00:01]} 0-1

[Event "DSJ Weihnachtsturnier U20 2020"]
[Site "https://play.chessbase.com/en/play?room=DSJWeihnachtU20"]
[Date "2020.12.29"]
[Round "2"]
[White "Hupfer, Maurice"]
[Black "Werner, Tom"]
[Result "1/2-1/2"]
[Termination "normal"]
[Board "19.1"]
[WhiteElo "1484"]
[BlackElo "1780"]
[WhiteTeam "Schachfreunde Greiz"]
[BlackTeam "VSG 1880 Offenbach"]
[PlyCount "133"]
[WhiteFideId "34641475"]
[BlackFideId "16223756"]
[EventRounds "7"]
[EventType "team-swiss"]
[EventDate "2020.12.29"]

1. e4 {[%emt 0:00:04]} e6 {[%emt 0:00:01]} 2. c4 {[%emt 0:00:05]} d5 {[%emt
0:00:06]} 3. cxd5 {[%emt 0:00:03]} exd5 {[%emt 0:00:00]} 4. Qb3 {[%emt
0:00:02]} dxe4 {[%emt 0:00:38]} 5. Bc4 {[%emt 0:00:04]} Nh6 {[%emt 0:00:45]} 6.
d3 { [%emt 0:00:18]} Qf6 {[%emt 0:00:29]} 7. dxe4 {[%emt 0:00:14]} Nc6 {[%emt
0:00:24]} 8. Nf3 {[%emt 0:00:29]} Bb4+ {[%emt 0:00:12]} 9. Nc3 {[%emt 0:00:14]}
O-O {[%emt 0:00:02]} 10. O-O {[%emt 0:00:22]} Bxc3 {[%emt 0:00:23]} 11. Qxc3 {
[%emt 0:00:06]} Qxc3 {[%emt 0:00:20]} 12. bxc3 {[%emt 0:00:00]} Ng4 {[%emt
0:00:14]} 13. Bf4 {[%emt 0:00:14]} Re8 {[%emt 0:00:11]} 14. Rfe1 {[%emt
0:00:43]} Nge5 {[%emt 0:00:13]} 15. Nxe5 {[%emt 0:00:27]} Nxe5 {[%emt 0:00:00]}
16. Bxe5 {[%emt 0:00:08]} Rxe5 {[%emt 0:00:18]} 17. Bb3 {[%emt 0:00:04]} Be6
{[%emt 0:00:13]} 18. Bxe6 {[%emt 0:00:45]} Rxe6 {[%emt 0:00:00]} 19. Rad1
{[%emt 0:00:05]} Rc6 {[%emt 0:00:39]} 20. Rd3 {[%emt 0:00:06]} g6 {[%emt
0:00:27]} 21. Red1 {[%emt 0:00:04]} Re8 {[%emt 0:00:12]} 22. f3 {[%emt 0:00:06]
SF-Greiz001 offers a draw} Kf8 {[%emt 0:00:17]} 23. Kf2 {[%emt 0:00:07]} Ra6
{[%emt 0:00:05]} 24. R1d2 {[%emt 0:00:04]} Rc6 {[%emt 0:00:13]} 25. Rd1 {[%emt
0:00:07]} Kg7 {[%emt 0:00:02]} 26. Ke3 {[%emt 0:00:15]} Re5 {[%emt 0:00:02]}
27. f4 { [%emt 0:00:22]} Rec5 {[%emt 0:00:05]} 28. Rc1 {[%emt 0:00:02]} b5
{[%emt 0:00:04]} 29. Kd2 {[%emt 0:00:18]} Rc4 {[%emt 0:00:09]} 30. Rd4 {[%emt
0:00:21]} R4c5 {[%emt 0:00:03]} 31. Rd3 {[%emt 0:00:04]} b4 {[%emt 0:00:05]}
32. e5 { [%emt 0:00:06]} Rc4 {[%emt 0:00:12]} 33. g3 {[%emt 0:00:17]} a5 {[%emt
0:00:04] } 34. Re3 {[%emt 0:00:33]} a4 {[%emt 0:00:16]} 35. Rd3 {[%emt
0:00:04]} Kf8 { [%emt 0:00:14]} 36. Re3 {[%emt 0:00:25]} Ke7 {[%emt 0:00:02]}
37. Rd3 {[%emt 0:00:08]} Ke6 {[%emt 0:00:02]} 38. h3 {[%emt 0:00:26]} b3 {[%emt
0:00:08]} 39. axb3 {[%emt 0:00:04]} axb3 {[%emt 0:00:00]} 40. Rb1 {[%emt
0:00:02]} Rb6 { [%emt 0:00:09]} 41. Rb2 {[%emt 0:00:04]} Ra4 {[%emt 0:00:04]}
42. Ke3 {[%emt 0:00:35]} Ra2 {[%emt 0:00:03]} 43. Rdd2 {[%emt 0:00:03]} Ra1
{[%emt 0:00:16]} 44. h4 {[%emt 0:00:06]} Rc1 {[%emt 0:00:05]} 45. Kd4 {[%emt
0:00:08]} Rg1 {[%emt 0:00:07]} 46. Rd3 {[%emt 0:00:10] SF-Greiz001 offers a
draw} Kf5 {[%emt 0:00:13]} 47. c4 {[%emt 0:00:15]} Kg4 {[%emt 0:00:18]} 48.
Rbxb3 {[%emt 0:00:35]} Rxb3 { [%emt 0:00:04]} 49. Rxb3 {[%emt 0:00:00]} Rxg3
{[%emt 0:00:01]} 50. Rb7 { [%emt 0:00:01]} Rf3 {[%emt 0:00:11]} 51. Rxc7 {[%emt
0:00:04]} Rxf4+ {[%emt 0:00:01]} 52. Kd5 {[%emt 0:00:01]} Kxh4 {[%emt 0:00:08]}
53. Re7 {[%emt 0:00:02]} Kg5 {[%emt 0:00:11]} 54. c5 {[%emt 0:00:02]} h5 {[%emt
0:00:05]} 55. c6 { [%emt 0:00:01]} Rf1 {[%emt 0:00:04]} 56. c7 {[%emt 0:00:00]}
Rc1 {[%emt 0:00:29]} 57. Rxf7 {[%emt 0:00:02]} h4 {[%emt 0:00:01]} 58. Kd6
{[%emt 0:00:04]} h3 {[%emt 0:00:21]} 59. Rh7 {[%emt 0:00:02]} Kg4 {[%emt
0:00:07]} 60. e6 {[%emt 0:00:02]} Kg3 {[%emt 0:00:05]} 61. e7 {[%emt 0:00:02]}
Rd1+ {[%emt 0:00:05]} 62. Kc6 {[%emt 0:00:07]} Rc1+ {[%emt 0:00:03]} 63. Kb7
{[%emt 0:00:02]} Rb1+ { [%emt 0:00:02] Offenba1-001 offers a draw} 64. Kc8
{[%emt 0:00:01]} Re1 { [%emt 0:00:03]} 65. Rg7 {[%emt 0:00:16]} Kf4 {[%emt
0:00:21]} 66. Rxg6 { [%emt 0:00:03]} Rxe7 {[%emt 0:00:02] SF-Greiz001 offers a
draw} 67. Rh6 { [%emt 0:00:04]} 1/2-1/2

[Event "DSJ Weihnachtsturnier U20 2020"]
[Site "https://play.chessbase.com/en/play?room=DSJWeihnachtU20"]
[Date "2020.12.29"]
[Round "2"]
[White "Werner, Rosalie"]
[Black "Förster, Nico"]
[Result "1-0"]
[Termination "normal"]
[Board "19.2"]
[WhiteElo "1751"]
[BlackElo "1789"]
[WhiteTeam "VSG 1880 Offenbach"]
[BlackTeam "Schachfreunde Greiz"]
[PlyCount "81"]
[WhiteFideId "16223748"]
[BlackFideId "16292952"]
[EventRounds "7"]
[EventType "team-swiss"]
[EventDate "2020.12.29"]

1. e4 {[%emt 0:00:06]} c5 {[%emt 0:00:03]} 2. Nf3 {[%emt 0:00:02]} e6 {[%emt
0:00:06]} 3. d4 {[%emt 0:00:02]} cxd4 {[%emt 0:00:03]} 4. Nxd4 {[%emt 0:00:00]}
a6 {[%emt 0:00:03]} 5. a4 {[%emt 0:00:14]} g6 {[%emt 0:00:07]} 6. Be2 {[%emt
0:00:04]} Bg7 {[%emt 0:00:05]} 7. Be3 {[%emt 0:00:04]} Ne7 {[%emt 0:00:02]} 8.
c4 {[%emt 0:00:16]} O-O {[%emt 0:00:06]} 9. Nc3 {[%emt 0:00:02]} Nbc6 {[%emt
0:00:05]} 10. O-O {[%emt 0:00:07]} Qc7 {[%emt 0:00:27]} 11. Rc1 {[%emt
0:00:59]} Nxd4 {[%emt 0:00:07]} 12. Bxd4 {[%emt 0:00:04]} Nc6 {[%emt 0:00:07]}
13. Bxg7 { [%emt 0:00:15]} Kxg7 {[%emt 0:00:00]} 14. b3 {[%emt 0:00:16]} Qb6
{[%emt 0:00:06]} 15. Rb1 {[%emt 0:00:33]} Nd4 {[%emt 0:00:15]} 16. Kh1 {[%emt
0:00:26]} Nxe2 {[%emt 0:00:05]} 17. Qxe2 {[%emt 0:00:00]} Qc7 {[%emt 0:00:03]}
18. f4 { [%emt 0:00:10]} Re8 {[%emt 0:00:28]} 19. Qb2 {[%emt 0:00:09]} Kg8
{[%emt 0:00:02]} 20. Rbd1 {[%emt 0:00:27]} d6 {[%emt 0:00:14]} 21. Qa3 {[%emt
0:00:32]} Rd8 {[%emt 0:00:22]} 22. e5 {[%emt 0:00:43]} dxe5 {[%emt 0:00:08]}
23. fxe5 { [%emt 0:00:39]} Bd7 {[%emt 0:02:30]} 24. Qe7 {[%emt 0:00:47]} Qxe5
{[%emt 0:00:28]} 25. Rxd7 {[%emt 0:00:29]} Rxd7 {[%emt 0:00:09]} 26. Qxd7
{[%emt 0:00:02]} Qxc3 {[%emt 0:00:02]} 27. Qxf7+ {[%emt 0:00:04]} Kh8 {[%emt
0:00:03]} 28. Qxb7 {[%emt 0:00:09]} Rd8 {[%emt 0:00:18] Offenba1-002
reconnected. Offenba1-002 reconnected.} 29. Qxa6 {[%emt 0:01:13]} Qd3 {[%emt
0:00:21]} 30. Rg1 {[%emt 0:00:16]} Rd6 {[%emt 0:00:30]} 31. Qa8+ {[%emt
0:00:07]} Rd8 {[%emt 0:00:13]} 32. Qf3 {[%emt 0:00:02]} Qxf3 {[%emt 0:00:03]}
33. gxf3 {[%emt 0:00:00]} Rd3 { [%emt 0:00:02]} 34. Rb1 {[%emt 0:00:01]} Rxf3
{[%emt 0:00:04]} 35. Kg2 { [%emt 0:00:02]} Rc3 {[%emt 0:00:02]} 36. a5 {[%emt
0:00:01]} Rc2+ {[%emt 0:00:04]} 37. Kg1 {[%emt 0:00:03]} Kg7 {[%emt 0:00:03]}
38. Ra1 {[%emt 0:00:07]} Rd2 {[%emt 0:00:03]} 39. a6 {[%emt 0:00:02]} Kf7
{[%emt 0:00:05]} 40. a7 {[%emt 0:00:01]} Kg7 {[%emt 0:00:00]} 41. a8=Q {[%emt
0:00:02]} 1-0

[Event "DSJ Weihnachtsturnier U20 2020"]
[Site "https://play.chessbase.com/en/play?room=DSJWeihnachtU20"]
[Date "2020.12.29"]
[Round "2"]
[White "Wilczek, Mailo"]
[Black "Werner, Florin"]
[Result "0-1"]
[Termination "normal"]
[Board "19.3"]
[WhiteElo "1232"]
[BlackElo "1533"]
[WhiteTeam "Schachfreunde Greiz"]
[BlackTeam "VSG 1880 Offenbach"]
[PlyCount "76"]
[WhiteFideId "34663045"]
[BlackFideId "16250230"]
[EventRounds "7"]
[EventType "team-swiss"]
[EventDate "2020.12.29"]

1. e4 {[%emt 0:00:07]} e6 {[%emt 0:00:05]} 2. d4 {[%emt 0:00:03]} d5 {[%emt
0:00:02]} 3. exd5 {[%emt 0:00:01]} exd5 {[%emt 0:00:00]} 4. Nc3 {[%emt
0:00:02]} Nf6 {[%emt 0:00:03]} 5. Nf3 {[%emt 0:00:02]} Bd6 {[%emt 0:00:03]} 6.
Bd3 { [%emt 0:00:06]} O-O {[%emt 0:00:04]} 7. O-O {[%emt 0:00:02]} Bg4 {[%emt
0:00:04]} 8. h3 {[%emt 0:00:05]} Bh5 {[%emt 0:00:04]} 9. Re1 {[%emt 0:00:03]}
c6 { [%emt 0:00:21]} 10. Bg5 {[%emt 0:00:05]} Nbd7 {[%emt 0:00:17]} 11. b3
{[%emt 0:01:24]} Qc7 {[%emt 0:00:06]} 12. Bh4 {[%emt 0:00:33]} Bh2+ {[%emt
0:00:14]} 13. Kh1 {[%emt 0:00:13]} Bd6 {[%emt 0:00:04]} 14. Na4 {[%emt
0:00:42]} b6 {[%emt 0:00:08]} 15. Be2 {[%emt 0:01:00]} Rfe8 {[%emt 0:00:07]}
16. Nd2 {[%emt 0:00:25]} Bxe2 {[%emt 0:00:23]} 17. Rxe2 {[%emt 0:00:00]} Rxe2
{[%emt 0:00:02]} 18. Qxe2 {[%emt 0:00:02]} Re8 {[%emt 0:00:01]} 19. Qf1 {[%emt
0:01:00]} b5 {[%emt 0:00:16]} 20. Nb2 {[%emt 0:00:04]} Bb4 {[%emt 0:00:05]} 21.
Nf3 {[%emt 0:00:29]} Bc3 {[%emt 0:00:03]} 22. Rb1 {[%emt 0:00:19]} h6 {[%emt
0:00:25]} 23. Nd3 {[%emt 0:00:04]} Re6 {[%emt 0:00:16]} 24. Ng1 {[%emt
0:01:06]} Bxd4 {[%emt 0:00:31]} 25. Ne2 {[%emt 0:00:07]} Be5 {[%emt 0:00:22]}
26. Nxe5 {[%emt 0:00:10]} Qxe5 { [%emt 0:00:00]} 27. Re1 {[%emt 0:00:03]} Qd6
{[%emt 0:00:04]} 28. Nd4 {[%emt 0:00:09]} Re4 {[%emt 0:00:39]} 29. Rxe4 {[%emt
0:00:32]} Nxe4 {[%emt 0:00:00]} 30. Qd3 {[%emt 0:00:09]} Ndc5 {[%emt 0:00:20]}
31. Bg3 {[%emt 0:00:54]} Nxf2+ { [%emt 0:00:27]} 32. Bxf2 {[%emt 0:00:10]} Nxd3
{[%emt 0:00:03]} 33. cxd3 { [%emt 0:00:03]} Qf4 {[%emt 0:00:09]} 34. Kg1 {[%emt
0:00:04]} Qc1+ {[%emt 0:00:21]} 35. Kh2 {[%emt 0:00:10]} Qb2 {[%emt 0:00:13]}
36. Kg3 {[%emt 0:00:12]} h5 {[%emt 0:00:10]} 37. Nxc6 {[%emt 0:00:04]} h4+
{[%emt 0:00:02]} 38. Kf3 { [%emt 0:00:04]} Qf6+ {[%emt 0:00:04]} 0-1